00331nam a2200121Ia 4500008004100000082001700041100001800058245003300076260002800109365000600137630003300143730003300176100415s9999 xx 000 0 und d b1105a574.92 aBoulenger EG aA Natural History of the Sea aLONDONc1935bDUCKWORTH b0 aA Natural History of the Sea aA Natural History of the Sea